[Event "24th ECC"]
[Site "Kallithea GRE"]
[Date "2008.10.18"]
[Round "2"]
[White "Mastrovasilis,A"]
[Black "Gelfand,B"]
[Result "0-1"]
[WhiteElo "2495"]
[BlackElo "2719"]

1.d4 d5 2.c4 e6 3.Nf3 Nf6 4.Nc3 c6 5.cxd5 exd5 6.Qc2 g6 7.Bg5 Be7 8.Bxf6 Bxf6
9.e3 O-O 10.h4 Bg4 11.h5 Nd7 12.Bd3 Bg7 13.O-O-O c5 14.hxg6 hxg6 15.Nxd5 cxd4
16.Kb1 dxe3 17.Qc7 Re8 18.Qxd8 Rexd8 19.Nxe3 Nc5 20.Bc2 Bd7 21.Rd5 Ne6 22.Bb3 Bc6
23.Rdd1 Nd4 24.Nxd4 Bxd4 25.Rh4 Bxe3 26.Rxd8+ Rxd8 27.fxe3 Kg7 28.Rf4 f5
29.g4 Be4+ 30.Kc1 g5 31.Rf1 fxg4 32.Rg1 Bf3 33.Be6 Kf6 34.Bxg4 Bxg4 35.Rxg4 Kf5
36.Rg1 g4 37.Rf1+ Ke5  0-1

[Event "Rapid Match"]
[Site "Miskolc HUN"]
[Date "2010.08.26"]
[Round "3"]
[White "Gelfand,B"]
[Black "Leko,P"]
[Result "1/2-1/2"]
[WhiteElo "2739"]
[BlackElo "2734"]

1.d4 d5 2.c4 c6 3.Nf3 Nf6 4.Nc3 e6 5.Bg5 h6 6.Bh4 dxc4 7.e4 g5 8.Bg3 b5 9.Be2 Bb7
10.O-O Nbd7 11.Ne5 Bg7 12.Nxd7 Nxd7 13.Bd6 a6 14.a4 b4 15.Bxb4 Qb6 16.Ba3 Qxd4
17.Qc2 c5 18.Rad1 Qe5 19.Bxc4 Qc7 20.Ne2 Be5 21.Kh1 O-O 22.b3 Rfd8 23.Bd3 Nf6
24.f3 Bxh2 25.Qxc5 Qxc5 26.Bxc5 Be5 27.Bc4 Rd7 28.Bb6 Rc8 29.Nc1 Bc7 30.Be3 Rcd8
31.Rxd7 Nxd7 32.Rd1 Ne5 33.Rxd8+ Bxd8 34.Be2 Be7 35.Bd2 Nc6 36.Nd3 a5 37.Nb2 Ba3
38.Bc3 Bb4 39.Bxb4 axb4 40.Bb5 Na5 41.Nd3 Nxb3 42.Nxb4 Kf8 43.e5 Ke7 44.Kg1 f6
45.Nd3 fxe5 46.Nxe5 h5 47.Kf2 Kf6 48.Nc4 Bd5 49.Nb6 Bb7 50.Bc4 Na5 51.Be2 Bc6
52.Bb5 Bb7 53.Nd7+ Ke7 54.Nc5 Bd5 55.Ke3 e5 56.Ne4 g4 57.fxg4 hxg4 58.g3 Nc4+
59.Bxc4 Bxc4 60.a5 Kd7 61.a6 Kc7 62.a7 Bd5 63.Nf6 Bg2 64.Nxg4 Kb7 65.Nxe5 Bh3
66.Nc6 Bd7 67.Ne5 Bh3 68.Kf4 Kxa7 69.Ng4 Kb7 70.Nf2 Bd7 71.Ke4  1/2-1/2

[Event "Rapid Match"]
[Site "Miskolc HUN"]
[Date "2010.08.28"]
[Round "6"]
[White "Leko,P"]
[Black "Gelfand,B"]
[Result "1/2-1/2"]
[WhiteElo "2734"]
[BlackElo "2739"]

1.d4 d5 2.c4 c6 3.Nf3 Nf6 4.Nc3 e6 5.Bg5 h6 6.Bxf6 Qxf6 7.e3 Nd7 8.Bd3 dxc4
9.Bxc4 g6 10.O-O Bg7 11.Re1 O-O 12.e4 e5 13.d5 Nb6 14.Bb3 Bd7 15.h3 Rac8
16.Qe2 Rfe8 17.Rad1 Bf8 18.a3 h5 19.Rd3 Bh6 20.Red1 cxd5 21.Bxd5 Rc7 22.Nd2 Qe7
23.Nc4 Nxc4 24.Bxc4 Bc6 25.Bd5 Kh7 26.Bxc6 bxc6 27.Na4 Bf8 28.Qc2 Qe6 29.b4 Rec8
30.Rc3 Rd7 31.Rxd7 Qxd7 32.Nb2 a6 33.Nc4 Qe7 34.Na5 c5 35.Nb3 a5 36.Rxc5 Rxc5
37.Nxc5 axb4 38.axb4 Qa7 39.g3 Qa1+ 40.Kg2 Qd4 41.Qb3 Kg8 42.Qd5 Qxb4 43.Nd3 Qd4
44.Nxe5 Qxd5 45.exd5 Bd6 46.f4 Kf8 47.Kf3 Ke7 48.Ke4 Bc5 49.g4 hxg4 50.hxg4 Bg1
51.Nc4 Bc5 52.Ke5 f6+ 53.Ke4 Bb4 54.Kd4 Kf7 55.f5 gxf5 56.gxf5 Ke7 57.Nb2 Kd6
58.Nc4+ Ke7 59.Ke4 Kd7 60.Nb2 Kd6 61.Nc4+ Kc5 62.Ne3 Bc3 63.Ng4 Bb2 64.Nh6 Kd6
65.Nf7+ Ke7 66.Nh8 Kd6 67.Ng6 Bc1 68.Nf8 Bb2 69.Ne6 Be5 70.Nd4 Kc5 71.Nb3+ Kd6
72.Na5 Bc3 73.Nb3 Be5 74.Nd4 Kc5 75.Nc6 Bb2 76.Nd8 Be5 77.Nf7 Bg3 78.Nh6 Be5
79.Ng4 Bb2 80.Nf2 Bc3 81.Nd3+ Kd6 82.Nc1 Bb2 83.Nb3 Be5 84.Na5 Kc5 85.Nc6 Bb2
86.Ne7 Be5 87.Nc8 Bc7 88.Ne7 Be5 89.Ng8 Kd6 90.Nh6 Bb2 91.Ng4 Kc5 92.Ne3 Be5
93.Nf1 Bc3 94.Ng3 Be5 95.Ne2 Bb2 96.Nf4 Kd6 97.Ne6 Be5 98.Ng7 Bb2 99.Ne8+ Kd7
100.Ng7 Kd6 101.Ne6  1/2-1/2

[Event "VI World Blitz"]
[Site "Moscow RUS"]
[Date "2010.11.16"]
[Round "11.8"]
[White "Gelfand,B"]
[Black "Savchenko,B"]
[Result "1/2-1/2"]
[WhiteElo "2741"]
[BlackElo "2632"]

1.d4 Nf6 2.c4 e6 3.Nf3 d5 4.g3 dxc4 5.Bg2 a6 6.O-O Nc6 7.Bg5 Be7 8.e3 Nd5
9.Bxe7 Qxe7 10.Qc1 b5 11.b3 Na5 12.Ne5 Qb4 13.bxc4 Nxc4 14.Nxc4 Qxc4 15.Qxc4 bxc4
16.Nd2 c3 17.Ne4 Bb7 18.Rfc1 O-O-O 19.Nxc3 Nxc3 20.Rxc3 Bxg2 21.Kxg2 Rhe8
22.Rac1 Re7 23.Rc5 Rd6 24.h4 Rb6 25.R1c2 Rd7 26.Kf3 Kb7 27.Rh5 h6 28.Rhc5 Rb5
29.Ke4 Rxc5 30.Rxc5 Rd6 31.g4 Rb6 32.Rc2 Rb5 33.f3 Ra5 34.Kf4 c5 35.dxc5 Kc6
36.g5 hxg5+ 37.hxg5 f6 38.e4 Ra3 39.gxf6 gxf6 40.Kg4 a5 41.f4 Ra4 42.Kf3 Ra3+
43.Kg4 Ra4 44.Re2 Kxc5 45.e5 f5+ 46.Kg5 Kd5 47.Rb2 Ke4 48.Kf6 Kxf4 49.Kxe6 Kg5
50.Kf7 f4 51.e6 f3 52.Rb5+ Kg4 53.e7 Rf4+ 54.Ke6 Re4+ 55.Re5 Rxe5+ 56.Kxe5 f2
57.e8=Q f1=Q 58.Qg6+ Kh4 59.Qe4+ Kg5  1/2-1/2

[Event "VI World Blitz"]
[Site "Moscow RUS"]
[Date "2010.11.17"]
[Round "21.3"]
[White "Eljanov,P"]
[Black "Gelfand,B"]
[Result "1-0"]
[WhiteElo "2742"]
[BlackElo "2741"]

1.d4 Nf6 2.c4 e6 3.Nc3 Bb4 4.Qc2 c5 5.dxc5 Qc7 6.Nf3 a6 7.e3 Bxc5 8.b3 Be7
9.Bb2 d6 10.Be2 Nbd7 11.g4 h6 12.Rg1 g5 13.O-O-O b6 14.Kb1 Bb7 15.Nd4 Nc5
16.f3 O-O-O 17.Ka1 Kb8 18.Rc1 Ncd7 19.Rgd1 Ne5 20.h3 Ka8 21.f4 Ned7 22.f5 e5
23.Nf3 Nc5 24.Nd5 Nxd5 25.cxd5 Qb8 26.b4 Nd7 27.Qa4 Ka7 28.Bxa6 Bxa6 29.b5 Qb7
30.bxa6 Qb8 31.Rc6 Nc5 32.Qb5 Rc8 33.Nd2 Rxc6 34.dxc6 Rc8 35.Ba3 Qc7 36.Bxc5 bxc5
37.Rb1 Qxc6  1-0

[Event "WCh Rapid Tiebreak"]
[Site "Moscow RUS"]
[Date "2012.05.30"]
[Round "3"]
[White "Gelfand,B"]
[Black "Anand,V"]
[Result "1/2-1/2"]
[WhiteElo "2727"]
[BlackElo "2791"]

1.d4 d5 2.c4 c6 3.Nf3 Nf6 4.e3 Bf5 5.Nc3 e6 6.Nh4 Bg6 7.Nxg6 hxg6 8.Bd3 Nbd7
9.O-O Bd6 10.h3 O-O 11.Qc2 Qe7 12.Rd1 Rac8 13.c5 Bb8 14.f4 Ne8 15.b4 g5 16.Rb1 f5
17.b5 gxf4 18.exf4 Nef6 19.bxc6 bxc6 20.Ba6 Rc7 21.Be3 Ne4 22.Rb2 g5 23.Rdb1 gxf4
24.Bxf4 e5 25.Bxe5 Nxe5 26.Rxb8 Ng6 27.Nxe4 fxe4 28.Qf2 Qg7 29.Kh2 Rf7 30.Qg3 Nf4
31.R8b3 Qxg3+ 32.Rxg3+ Kh7 33.Rd1 Ne6 34.Be2 Rf2 35.Bg4 Nf4 36.Rb1 Rf7 37.Rb8 Rxa2
38.Rc8 e3 39.Rxe3 Rxg2+ 40.Kh1 Rd2 41.Rxc6 Ne6 42.Rf3 Rxf3 43.Bxf3 Nxd4 44.Rc7+ Kh6
45.Bxd5 Rc2 46.Be4 Rc3 47.Kh2 Kg5 48.Rd7 Nf3+ 49.Bxf3 Rxf3 50.Rxa7 Rc3 51.Rc7 Kf5
52.c6 Ke6 53.h4 Kd6 54.Rc8 Ra3 55.Kg2 Re3 56.Kh2 Ra3 57.Kg2 Re3 58.h5 Re5
59.h6 Rh5 60.Rh8 Kxc6 61.Rh7 Kd6 62.Kg3 Ke6 63.Kg4 Rh1  1/2-1/2

[Event "SportAccord Rapid 2014"]
[Site "Beijing CHN"]
[Date "2014.12.11"]
[Round "4.8"]
[White "Bacrot,E"]
[Black "Gelfand,B"]
[Result "1/2-1/2"]
[WhiteElo "2718"]
[BlackElo "2743"]

1.d4 Nf6 2.c4 g6 3.g3 c6 4.Bg2 d5 5.Qa4 Nfd7 6.Qb3 Nb6 7.c5 N6d7 8.Nf3 Bg7
9.O-O O-O 10.Bf4 e5 11.Nxe5 Nxe5 12.Bxe5 Bxe5 13.dxe5 Nd7 14.Nc3 Qa5 15.Rac1 Nxc5
16.Qc2 Bf5 17.Qd2 Rad8 18.Rfd1 Qb6 19.Qd4 Nd7 20.e3 Qxb2 21.Nxd5 Qxd4 22.Ne7+ Kh8
23.exd4 Bg4 24.f3 Be6 25.f4 Rfe8 26.d5 Bg4 27.dxc6 Rxe7 28.c7 Rc8 29.Bxb7 Rxc7
30.Rxc7 Bxd1 31.e6 Rxe6 32.Rxd7 Bg4 33.Rd8+ Kg7 34.Bc8 Re1+ 35.Kf2 Re2+ 36.Kf1 Bf3
37.Bb7 Bg4 38.Bc8 Bf3 39.Bb7 Bg4 40.Bc8 Bf3 41.Rd3 Rc2 42.Rxf3 Rxc8 43.Ra3 Rc7
44.Ra6 f5 45.Kf2 Kh6 46.Kg2 Kh5 47.Kh3 Rf7 48.a4 g5 49.Ra5 Kg6 50.fxg5 Kxg5
51.g4 h5 52.gxf5 Rxf5 53.Rxa7 Rf3+ 54.Kg2 Ra3 55.a5 Ra2+ 56.Kh3 Ra3+ 57.Kg2 Ra2+
58.Kh3 Ra3+ 59.Kg2  1/2-1/2

[Event "SportAccord Rapid 2014"]
[Site "Beijing CHN"]
[Date "2014.12.12"]
[Round "5.7"]
[White "Gelfand,B"]
[Black "Wojtaszek,R"]
[Result "1-0"]
[WhiteElo "2743"]
[BlackElo "2744"]

1.d4 Nf6 2.c4 e6 3.Nf3 b6 4.g3 Ba6 5.b3 Bb4+ 6.Bd2 Be7 7.Nc3 O-O 8.Rc1 d5
9.cxd5 Nxd5 10.Bg2 Bb7 11.Qc2 Nf6 12.O-O c5 13.dxc5 Bxc5 14.Bg5 Nbd7 15.Rfd1 Qe7
16.Nd4 Bxg2 17.Kxg2 h6 18.Nc6 Qe8 19.Bxf6 Nxf6 20.Ne5 Qb8 21.Nf3 Ng4 22.Nd4 e5
23.Nf5 Nxf2 24.Rf1 Qb7+ 25.e4 g6 26.Rxf2 Bxf2 27.Qxf2 gxf5 28.Nd5 Rfc8 29.Rf1 Rc6
30.Qxf5 Re8 31.Qg4+ Rg6 32.Nf6+ Kh8 33.Qf5 Re6 34.Nd5 Rg5 35.Qxf7 Qxf7 36.Rxf7 Rg7
37.Rf8+ Kh7 38.h4 Kg6 39.Ne3 Rf7 40.Rc8 Rd6 41.Nf5 Rd2+ 42.Kf3 Rxa2 43.Rh8 Rxf5+
44.exf5+ Kxf5 45.Rxh6 e4+ 46.Ke3 Rb2 47.Rh5+ Kf6 48.Rb5 Rg2 49.Kf4 e3 50.Rf5+ Kg6
51.Rg5+ Kf6 52.Kxe3 a6 53.Rg4 Rb2 54.Rb4 b5 55.Kf4 Rf2+ 56.Kg4 Ke5 57.h5 Rf8
58.h6 Rg8+ 59.Kh5  1-0

[Event "ACP Masters KO 2015"]
[Site "Ashdod ISR"]
[Date "2015.12.09"]
[Round "1.3"]
[White "Bacrot,E"]
[Black "Gelfand,B"]
[Result "1-0"]
[WhiteElo "2692"]
[BlackElo "2731"]

1.e4 c5 2.Nf3 d6 3.Bb5+ Bd7 4.c4 Nf6 5.Nc3 g6 6.d4 cxd4 7.Nxd4 Bg7 8.Be3 Nc6
9.h3 O-O 10.O-O Nxd4 11.Bxd4 Be6 12.Qd3 a6 13.Ba4 Rc8 14.Nd5 Nxd5 15.cxd5 Bd7
16.Bxd7 Qxd7 17.Bxg7 Kxg7 18.Rac1 Rxc1 19.Rxc1 Rc8 20.Rc4 f6 21.Qc3 Rxc4
22.Qxc4 Qd8 23.b4 Qd7 24.Qc2 Kf7 25.a4 Ke8 26.Kh2 Kf7 27.g3 f5 28.a5 fxe4
29.Qxe4 Qf5 30.Qd4 h5 31.Kg2 e5 32.dxe6+ Qxe6 33.Qb6 Qe4+ 34.Kg1 Qd5  1-0

[Event "ACP Masters KO 2015"]
[Site "Ashdod ISR"]
[Date "2015.12.09"]
[Round "1.5"]
[White "Bacrot,E"]
[Black "Gelfand,B"]
[Result "1-0"]
[WhiteElo "2692"]
[BlackElo "2731"]

1.d4 Nf6 2.Nf3 g6 3.Bf4 Bg7 4.e3 O-O 5.Nbd2 d6 6.Bc4 c5 7.O-O cxd4 8.exd4 d5
9.Bd3 Bg4 10.c3 Nc6 11.h3 Bxf3 12.Nxf3 e6 13.Qe2 Re8 14.Rfe1 a6 15.a4 Nd7
16.Bg5 Bf6 17.Bh6 Bg7 18.Qd2 Bxh6 19.Qxh6 Qf6 20.Re3 e5 21.dxe5 Ndxe5 22.Nxe5 Rxe5
23.Rxe5 Qxe5 24.Qd2 Re8 25.a5 d4 26.c4 Qc5 27.Bf1 Qb4 28.Qxb4 Nxb4 29.Ra4 d3
30.Ra1 d2 31.Rd1 Rd8 32.f3 Nc6 33.Kf2 Nxa5 34.b4 Nc6 35.b5 Na5 36.Ke3 Nb3
37.Be2 a5 38.Rb1 Re8+ 39.Kf2 a4 40.Rb2 Ra8 41.Bd1 a3 42.Ra2 Nc1 43.Ra1 Nd3+
44.Ke3 Nb2 45.Kxd2 Rd8+ 46.Kc2 Nxd1 47.Rxa3 Nf2 48.c5 Rd5 49.Rc3 Nd3 50.c6 bxc6
51.b6 Rb5 52.Rb3 Nb4+ 53.Kc3 Nd5+ 54.Kd4 Nxb6 55.Ke3 Rxb3+ 56.Ke4  1-0

[Event "Nutcracker Classical 2015"]
[Site "Moscow RUS"]
[Date "2015.12.20"]
[Round "1.4"]
[White "Artemiev,V"]
[Black "Gelfand,B"]
[Result "1/2-1/2"]
[WhiteElo "2676"]
[BlackElo "2731"]

1.Nf3 c5 2.c4 Nf6 3.Nc3 d5 4.cxd5 Nxd5 5.d4 Nxc3 6.bxc3 g6 7.Bf4 Bg7 8.e3 Qa5
9.Qd2 Bf5 10.Be2 Nc6 11.O-O cxd4 12.exd4 O-O 13.Rfe1 e5 14.dxe5 Nxe5 15.Nxe5 Bxe5
16.Bxe5 Qxe5 17.Bf3 Qc7 18.Qd4 Rfd8 19.Bd5 Qb6 20.Qe5 Rac8 21.c4 Qd6 22.Qd4 Qb6
23.Qf4 Re8 24.h3 Qb4 25.Reb1 Qc3 26.Rc1 Qb2 27.g4 Be6 28.Rab1 Qxa2 29.Bxe6 Rxe6
30.Rxb7 Rf8 31.c5 Qa6 32.Qf3 Qc6 33.Qxc6 Rxc6 34.Rxa7 Rd8 35.Rc3 Rdc8 36.Rf3 Rf8
37.Rc3 Rfc8 38.Ra5 Rd8 39.Kg2 Kg7 40.Ra7 Rdc8 41.Ra5 g5 42.Kf3 Rd8 43.Rb5 h6
44.Rb6 Rc7 45.Kg3 Rd5 46.c6 Rd6 47.h4 Rf6 48.f3 Rc8 49.Rc5 Kg6 50.hxg5 hxg5
51.Rbb5 Rcxc6 52.Rxg5+ Kh7 53.Rh5+ Kg7 54.g5 Rfd6 55.Rb8 f6 56.Rb7+ Kg6 57.Rbh7 fxg5
58.f4 gxf4+ 59.Kg4 Kf6 60.R5h6+ Ke5  1/2-1/2

[Event "Nutcracker Classical 2015"]
[Site "Moscow RUS"]
[Date "2015.12.21"]
[Round "2.4"]
[White "Bukavshin,I"]
[Black "Gelfand,B"]
[Result "1/2-1/2"]
[WhiteElo "2657"]
[BlackElo "2731"]

1.e4 c5 2.Nf3 d6 3.d4 cxd4 4.Nxd4 Nf6 5.Nc3 a6 6.h3 e5 7.Nde2 h5 8.g3 b5
9.Nd5 Nbd7 10.Nec3 Bb7 11.Bg5 Rc8 12.Bg2 Be7 13.Nxe7 Qxe7 14.a3 Qe6 15.Qe2 d5
16.exd5 Nxd5 17.Qd2 Rc5 18.O-O-O Nxc3 19.Bxb7 Rc7 20.Bd5 Nxd5 21.Qxd5 O-O
22.Qxe6 fxe6 23.Be3 Nf6 24.Rhe1 Nd5 25.Rd2 Rf3 26.Bg5 Rf5 27.Be3 Rf3 28.Bg5 Rf5
29.h4 Kf7 30.Kd1 Rc4 31.c3 a5 32.Ke2 Nf6 33.Bxf6 Kxf6 34.Rc1 e4 35.Rcd1 b4
36.axb4 axb4 37.Rd4 Rxd4 38.Rxd4 bxc3 39.bxc3 Rf3 40.Rc4 g6 41.Rc8 Rd3 42.c4 Rc3
43.c5 e5 44.c6 Rc2+ 45.Kd1 Rc3 46.Kd2 Rc5 47.Ke3 Rc4 48.f3 exf3 49.Kxf3 Kg7
50.Ke3 Kf6 51.Kd3 Rc5 52.Ke4 Kg7 53.c7  1/2-1/2

[Event "48th Italian Teams 2016"]
[Site "Civitanova Marche ITA"]
[Date "2016.04.28"]
[Round "3.1"]
[White "Gelfand,B"]
[Black "Iordachescu,V"]
[Result "1/2-1/2"]
[WhiteElo "2740"]
[BlackElo "2581"]

1.d4 Nf6 2.c4 e6 3.Nf3 c5 4.d5 d6 5.Nc3 exd5 6.cxd5 g6 7.Bf4 a6 8.a4 Bg7
9.h3 O-O 10.e3 Re8 11.Bd3 Nh5 12.Bh2 Nd7 13.Be2 f5 14.O-O Bf8 15.Rb1 Nhf6
16.Ng5 Ne5 17.b4 b6 18.Qb3 Qc7 19.bxc5 bxc5 20.Rfc1 Qe7 21.a5 Ra7 22.Ne6 Bxe6
23.dxe6 Qxe6 24.Qxe6+ Rxe6 25.Rb6 c4 26.Na2 Nfd7 27.Rbb1 Kg7 28.Nb4 Nc5 29.Nd5 Nb3
30.Rc2  1/2-1/2

[Event "48th Italian Teams 2016"]
[Site "Civitanova Marche ITA"]
[Date "2016.04.29"]
[Round "4.1"]
[White "Socko,B"]
[Black "Gelfand,B"]
[Result "1/2-1/2"]
[WhiteElo "2584"]
[BlackElo "2740"]

1.d4 Nf6 2.c4 e6 3.Nc3 Bb4 4.Qc2 d5 5.cxd5 exd5 6.Bg5 h6 7.Bh4 c5 8.dxc5 O-O
9.e3 Be6 10.Nf3 Nbd7 11.Be2 Rc8 12.a3 Bxc5 13.O-O Be7 14.Rac1 Ne4 15.Bxe7 Qxe7
16.Qd3 Ndc5 17.Qd1 Rfd8 18.Nd4 a6 19.Bf3 Ng5 20.Be2 Nge4 21.Bf3 Ng5 22.Be2  1/2-1/2

[Event "48th Italian Teams 2016"]
[Site "Civitanova Marche ITA"]
[Date "2016.04.30"]
[Round "5.2"]
[White "Gelfand,B"]
[Black "Prohaszka,P2"]
[Result "1/2-1/2"]
[WhiteElo "2740"]
[BlackElo "2598"]

1.d4 d5 2.c4 c6 3.Nf3 Nf6 4.g3 Bg4 5.Ne5 Bf5 6.cxd5 cxd5 7.Nc3 Nc6 8.f3 Rc8
9.Bg2 Bd7 10.e4 dxe4 11.Nxc6 Bxc6 12.fxe4 e5 13.d5 Bd7 14.O-O Bc5+ 15.Kh1 h6
16.Qe2  1/2-1/2

[Event "Gelfand-Inarkiev Classical"]
[Site "Magas RUS"]
[Date "2016.07.13"]
[Round "1"]
[White "Inarkiev,E"]
[Black "Gelfand,B"]
[Result "1/2-1/2"]
[WhiteElo "2730"]
[BlackElo "2734"]

1.d4 Nf6 2.c4 e6 3.Nf3 d5 4.g3 Bb4+ 5.Bd2 Be7 6.Bg2 O-O 7.O-O c6 8.Qc2 Nbd7
9.Rd1 b6 10.Bf4 Ba6 11.Ne5 Rc8 12.cxd5 Nxd5 13.Nc3 Nxe5 14.Bxe5 Nxc3 15.bxc3 Bc4
16.e4 Bd6 17.Bxd6 Qxd6 18.Qa4 b5 19.Qxa7 Ra8 20.e5 Rxa7 21.exd6 Bd5 22.a4 Rfa8
23.Rdb1 Kf8 24.a5 Bxg2 25.Kxg2 Ke8 26.c4 bxc4 27.Ra4 Kd7 28.Rxc4 Kxd6 29.Rb6 Rxa5
30.Rbxc6+ Ke7  1/2-1/2

[Event "Gelfand-Inarkiev Classical"]
[Site "Magas RUS"]
[Date "2016.07.15"]
[Round "3"]
[White "Inarkiev,E"]
[Black "Gelfand,B"]
[Result "1/2-1/2"]
[WhiteElo "2730"]
[BlackElo "2734"]

1.e4 c5 2.Nf3 Nc6 3.Bb5 g6 4.Bxc6 bxc6 5.O-O Bg7 6.Re1 Nh6 7.c3 O-O 8.h3 f5
9.e5 Nf7 10.d3 Ba6 11.c4 e6 12.Nc3 g5 13.Be3 h5 14.h4 g4 15.Ng5 Nxe5 16.Bxc5 Ng6
17.g3 Re8 18.Qa4 Bb7 19.Qb4 Ba6 20.Qa3 Bb7 21.Qb4 Ba6 22.Qa3 Bb7 23.Qb4  1/2-1/2

[Event "Gelfand-Inarkiev Classical"]
[Site "Magas RUS"]
[Date "2016.07.18"]
[Round "4"]
[White "Gelfand,B"]
[Black "Inarkiev,E"]
[Result "1/2-1/2"]
[WhiteElo "2734"]
[BlackElo "2730"]

1.c4 e5 2.g3 Nf6 3.Bg2 h6 4.Nf3 e4 5.Nd4 d5 6.d3 exd3 7.cxd5 Bb4+ 8.Nc3 Nxd5
9.Qxd3 O-O 10.O-O Nxc3 11.bxc3 Bc5 12.Rb1 c6 13.Bf4 Na6 14.Rfd1 Qf6 15.Qe4 Bb6
16.Be5 Qe7 17.Bf4 Qxe4 18.Bxe4 Re8 19.Bf3 Nc5 20.h4 Ne4 21.Rbc1 g5 22.hxg5 hxg5
23.Be3 g4 24.Bxe4 Rxe4 25.Rd3 Bd7 26.c4 c5 27.Nb5 Bc6 28.Nd6 Re5 29.f3 Rd8
30.Kf2 Rh5 31.Kg2 Bc7 32.Rcd1 Kg7 33.Nb5 Rxd3 34.Rxd3 Bb6 35.Nc3 Ba5 36.Bf4 gxf3+
37.exf3 Rh8 38.Ne4 Re8 39.Re3 Rd8 40.g4 Kg6 41.Nxc5 Rd2+ 42.Kg3 Rxa2 43.Nd3 Rc2
44.Bd6 Kg7 45.c5 Bd2 46.Re7 Bg5 47.Rc7 a5 48.Ne5 Bd5 49.Nd7 Re2 50.Be5+ Rxe5
51.Nxe5 a4 52.Rd7 Be6 53.Rxb7 a3 54.f4 a2 55.Ra7 Be7 56.Nd3 Bf6 57.Ne5 Be7
58.Nd3 Bf6 59.Ne5 Be7 60.Nd3  1/2-1/2

[Event "Gelfand-Inarkiev Classical"]
[Site "Magas RUS"]
[Date "2016.07.19"]
[Round "5"]
[White "Inarkiev,E"]
[Black "Gelfand,B"]
[Result "1/2-1/2"]
[WhiteElo "2730"]
[BlackElo "2734"]

1.e4 c5 2.Nf3 Nc6 3.Bb5 g6 4.Bxc6 bxc6 5.O-O Bg7 6.Re1 Nh6 7.c3 O-O 8.h3 d5
9.d3 c4 10.dxc4 dxe4 11.Qxd8 Rxd8 12.Rxe4 e5 13.Re1 f6 14.Nbd2 Nf7 15.Nb3 a5
16.Be3 a4 17.Bb6 Re8 18.Nc5 g5 19.b3 g4 20.hxg4 axb3 21.axb3 Bxg4 22.Nh4 f5
23.Rxa8 Rxa8 24.Nd7 f4 25.Nc5 Rb8 26.Bc7 Rc8 27.Ba5 Ra8 28.Bb4 Ng5 29.Nd3 e4
30.Nxf4 Be5 31.g3 Kf7 32.Rc1 Ra2 33.Bc5 Bxf4 34.gxf4 Nh3+ 35.Kh2 Nxf4 36.Re1 Nd3
37.Rxe4 Nxc5 38.Rf4+ Ke6 39.b4 Na4 40.Re4+ Kf6 41.Rxg4 Rxf2+ 42.Kg3 Rc2 43.Rf4+ Ke6
44.Nf3 Rxc3 45.Re4+ Kf6 46.Rf4+ Ke6 47.Kg4 Nb2 48.Re4+ Kf6 49.Rf4+ Ke6 50.Ng5+ Kd7
51.Rf7+ Kc8 52.c5 Nd3 53.Rxh7 Rc4+ 54.Kf5 Rxb4 55.Ne6 Kb8 56.Kf6 Rc4 57.Rh5 Nf4
58.Rh8+ Kb7 59.Nd8+ Ka6 60.Nxc6 Rxc5 61.Nb8+ Kb5 62.Nd7 Rc6+ 63.Kf5 Nd5 64.Rb8+ Nb6
65.Rxb6+ Rxb6 66.Nxb6 Kxb6 67.Ke4  1/2-1/2

[Event "Amir Timur 680 Rapid 2016"]
[Site "Tashkent UZB"]
[Date "2016.10.18"]
[Round "3.2"]
[White "Kasimdzhanov,R"]
[Black "Gelfand,B"]
[Result "1/2-1/2"]
[WhiteElo "2691"]
[BlackElo "2743"]

1.e4 c5 2.Nf3 Nc6 3.Bb5 g6 4.Bxc6 bxc6 5.O-O Bg7 6.Re1 Nf6 7.e5 Nd5 8.c4 Nc7
9.d4 cxd4 10.Qxd4 Ne6 11.Qh4 d5 12.exd6 Qxd6 13.Nc3 Bf6 14.Bg5 Nxg5 15.Nxg5 Bf5
16.Nce4 Bxe4 17.Nxe4 Bxh4 18.Nxd6+ Kf8 19.Ne4 Kg7 20.g3 Bf6 21.Nxf6 Kxf6
22.Rad1 Rhd8 23.f4  1/2-1/2

[Event "Amir Timur 680 Rapid 2016"]
[Site "Tashkent UZB"]
[Date "2016.10.20"]
[Round "9.2"]
[White "Kasimdzhanov,R"]
[Black "Gelfand,B"]
[Result "1/2-1/2"]
[WhiteElo "2691"]
[BlackElo "2743"]

1.e4 c5 2.Nf3 Nc6 3.Bb5 e6 4.O-O Nge7 5.Re1 Ng6 6.Na3 Be7 7.c3 d5 8.exd5 Qxd5
9.d4 cxd4 10.Nxd4 O-O 11.Nxc6 bxc6 12.Be2 Nh4 13.Bf1 Bb7 14.Nc4 Rad8 15.Qxd5 cxd5
16.Na5 Ba8 17.Be3 Rd7 18.Rad1  1/2-1/2

[Event "Nutcracker Classical 2016"]
[Site "Moscow RUS"]
[Date "2016.12.17"]
[Round "1.2"]
[White "Gelfand,B"]
[Black "Artemiev,V"]
[Result "1/2-1/2"]
[WhiteElo "2725"]
[BlackElo "2653"]

1.Nf3 d5 2.d4 Nf6 3.c4 c6 4.Nc3 a6 5.e3 b5 6.c5 Bg4 7.h3 Bxf3 8.gxf3 Nbd7
9.f4 e6 10.Bd3 Be7 11.Bd2 a5 12.Qc2 g6 13.Ne2 Nh5 14.Ng1 Ng7 15.Nf3 Nf5 16.Bxf5 exf5
17.h4 h5 18.O-O-O Qc8 19.Rdg1 Ra7 20.Be1 Bd8 21.Ne5 Nxe5 22.fxe5 Qe6 23.f3 Kd7
24.Bg3 Kc8 25.Bf4 Rd7 26.Bg5 Bc7 27.Rg2 Kb7 28.Kb1 Re8 29.Rhg1 Ka7 30.Bf6 Kb7
31.Bg5 Ka7 32.Rd2 Kb7 33.Rd3 Ra8 34.Rb3 a4 35.Rd3 Ba5 36.Qe2 Bc7 37.Qg2 Re8
38.Rc1 Ra8 39.Qe2 Ra6 40.Ra3 Ba5 41.Rg1 Ra8 42.Rd3 Bc7 43.Kc2 Ra6 44.Kd1 Ba5
45.Qg2 Ra8 46.Ke2 Ra6 47.Rb1 Ka7 48.Kf1 Rb7  1/2-1/2

[Event "Nutcracker Classical 2016"]
[Site "Moscow RUS"]
[Date "2016.12.19"]
[Round "3.2"]
[White "Oparin,G"]
[Black "Gelfand,B"]
[Result "1/2-1/2"]
[WhiteElo "2616"]
[BlackElo "2725"]

1.e4 c5 2.Nc3 Nc6 3.Nf3 g6 4.d4 cxd4 5.Nxd4 Bg7 6.Be3 Nf6 7.Bc4 O-O 8.Bb3 d5
9.exd5 Na5 10.O-O Nxb3 11.Nxb3 b6 12.d6 Qxd6 13.Qxd6 exd6 14.Rfe1 Bf5 15.Nd4 Bd7
16.h3 a6 17.Rad1 Rfe8 18.Nb3 b5 19.Rxd6 b4 20.Ne2 Bb5 21.Ned4 Rac8 22.Rd1 Ne4
23.Rb6 Rcd8 24.Rb1 Rd5 25.Nxb5 axb5 26.Na5 Nd2 27.Re1 Bd4 28.Rb7 Bxe3 29.Rxe3 Rxe3
30.fxe3 Rc5 31.Nb3 Rxc2 32.Rxb5 Rxb2 33.Nxd2 Rxd2 34.Rxb4 Rxa2 35.Kh2 Ra3
36.Re4 h5 37.Kg3 Kg7 38.Kf3 Ra1 39.h4 Rf1+ 40.Kg3 Ra1  1/2-1/2

[Event "Nutcracker Classical 2016"]
[Site "Moscow RUS"]
[Date "2016.12.20"]
[Round "4.2"]
[White "Fedoseev,Vl3"]
[Black "Gelfand,B"]
[Result "1/2-1/2"]
[WhiteElo "2667"]
[BlackElo "2725"]

1.e4 c5 2.Nf3 Nc6 3.Bb5 e6 4.Bxc6 bxc6 5.d3 Ne7 6.Qe2 d6 7.h4 e5 8.h5 Ng8
9.Nbd2 Nf6 10.Nc4 Be7 11.Bd2 Bg4 12.Ne3 Bxh5 13.Nf5 Bf8 14.Rxh5 Nxh5 15.Nxe5 dxe5
16.Qxh5 c4 17.O-O-O g6 18.Qh2 Qc7 19.Bc3 f6 20.d4 O-O-O 21.Ne3 exd4 22.Qxc7+ Kxc7
23.Ba5+ Kc8 24.Bxd8 dxe3 25.Bxf6 Bh6 26.fxe3 Re8 27.e5 Bxe3+ 28.Kb1 Bf4 29.g4 h5
30.gxh5 gxh5 31.Rh1 h4 32.Rxh4 Bxe5 33.Bxe5 Rxe5 34.a4 Rc5 35.b3 cxb3 36.cxb3 Kb7
37.Kb2 a5 38.Rg4 Kb6 39.Rh4 Rg5 40.Rc4 Rg2+  1/2-1/2

[Event "Gibraltar Masters 2017"]
[Site "Caleta ENG"]
[Date "2017.02.02"]
[Round "10.2"]
[White "Gelfand,B"]
[Black "Vachier Lagrave,M"]
[Result "1/2-1/2"]
[WhiteElo "2721"]
[BlackElo "2796"]

1.Nf3 c5 2.c4 Nc6 3.d4 cxd4 4.Nxd4 Nf6 5.Nc3 e6 6.Bf4 d5 7.e3 Bb4 8.Nxc6 bxc6
9.Qa4 Bxc3+ 10.bxc3 O-O 11.Be2 Ne4 12.Rc1 Qe7 13.cxd5 cxd5 14.Qb4 Qf6 15.Qd4 Re8
16.Qxf6 Nxf6 17.c4 e5 18.Bg3 Bb7 19.f3 Rac8 20.Kf2 Nh5 21.Rhd1 Nxg3 22.hxg3 dxc4
23.Rxc4 Rxc4 24.Bxc4 Kf8 25.Bb5 Rb8 26.a4 a6 27.Be2 Bc6 28.Rd6 Bxa4 29.Rxa6 Bb5
30.Bxb5 Rxb5  1/2-1/2

[Event "Tower of Concord Match"]
[Site "Nazran RUS"]
[Date "2017.08.04"]
[Round "2"]
[White "Inarkiev,E"]
[Black "Gelfand,B"]
[Result "1/2-1/2"]
[WhiteElo "2702"]
[BlackElo "2729"]

1.c4 c5 2.Nf3 Nc6 3.d4 cxd4 4.Nxd4 Nf6 5.Nc3 e6 6.a3 Be7 7.e4 O-O 8.Nf3 Qa5
9.Bd2 Qh5 10.Be2 d5 11.exd5 exd5 12.cxd5 Nxd5 13.Nd4 Qe5 14.Nxc6 bxc6 15.O-O Be6
16.Re1 Rad8 17.Bf3 Qb8 18.Qc2 Nf4 19.Be4 Bg5 20.Be3 f5 21.Bxc6 Bb3 22.Qb1 Rd6
23.Bf3 Rh6 24.Bd1 Bc4 25.Bxf4 Bxf4 26.h3 Bh2+ 27.Kh1 Be5 28.Qc2 Rb6 29.Na4 Rc6
30.Bf3 Rcc8 31.Rad1 Kh8 32.b4 Bd6 33.Rd4 Bb5 34.Qd2 Be5 35.Rxe5 Qxe5 36.Nc5 Rfe8
37.a4 Qe1+ 38.Qxe1 Rxe1+ 39.Kh2 Be8 40.Bb7 Rb8 41.Bf3 g6 42.b5 Re7 43.Rd6 Kg7
44.h4 Rc8 45.Ne6+ Kg8 46.Ra6 Rc4 47.h5 gxh5  1/2-1/2

[Event "Tower of Concord Rapid 2"]
[Site "Nazran RUS"]
[Date "2017.08.05"]
[Round "2"]
[White "Inarkiev,E"]
[Black "Gelfand,B"]
[Result "1-0"]
[WhiteElo "2702"]
[BlackElo "2729"]

1.e4 c5 2.Nf3 d6 3.d4 cxd4 4.Nxd4 Nf6 5.Nc3 Nc6 6.Bg5 e6 7.Qd2 a6 8.O-O-O Bd7
9.Kb1 Nxd4 10.Qxd4 h6 11.Bc1 Bc6 12.f3 Qc7 13.Be2 O-O-O 14.Qf2 d5 15.Be3 Rd7
16.Bb6 Qb8 17.exd5 Nxd5 18.Nxd5 Rxd5 19.Rxd5 exd5 20.c4 Qe5 21.cxd5 Qxd5
22.Rd1 Qf5+ 23.Bd3 Qf4 24.g3 Qf6 25.Bd4 Qe6 26.Qc2 Kb8 27.Bf5 Qe8 28.Qc3 f6
29.Qa5 Bxf3 30.Re1 Be7 31.Qb6 Qf7 32.Rc1  1-0

[Event "Tower of Concord Rapid 1"]
[Site "Nazran RUS"]
[Date "2017.08.05"]
[Round "2"]
[White "Inarkiev,E"]
[Black "Gelfand,B"]
[Result "1/2-1/2"]
[WhiteElo "2702"]
[BlackElo "2729"]

1.e4 c5 2.Nf3 Nc6 3.Bb5 g6 4.Bxc6 bxc6 5.O-O Bg7 6.Re1 Nh6 7.c3 O-O 8.h3 f5
9.e5 Nf7 10.d3 d6 11.Bf4 Ba6 12.c4 dxe5 13.Bxe5 Nxe5 14.Nxe5 Bxe5 15.Rxe5 Bxc4
16.Rxc5 Qxd3 17.Nc3 Qxd1+ 18.Rxd1 Bd5 19.Nxd5 cxd5 20.Rdxd5 Rfd8 21.b4 Kf7
22.f4 a6 23.Kf2 Rxd5 24.Rxd5 Rc8 25.Ra5 Rc4 26.Kf3 Rxb4 27.Rxa6 Rb2 28.g3 Rc2
29.Ra3 Kf6 30.h4 h6 31.Ke3 g5 32.hxg5+ hxg5 33.Ra6+ e6 34.fxg5+ Kxg5 35.Rxe6  1/2-1/2